[Event "Buenos Aires La Porta op-A"]
[Site "Buenos Aires"]
[Date "2012.12.19"]
[Round "4"]
[White "Amil Meilan, Horacio"]
[Black "Casafus, Ruben Andres"]
[Result "0-1"]
[WhiteElo "2131"]
[BlackElo "2338"]
[PlyCount "49"]
[EventDate "2012.12.15"]
[EventType "swiss"]
[EventRounds "9"]
[EventCountry "ARG"]
[SourceTitle "CBM 152 Extra"]
[Source "ChessBase"]
[SourceDate "2013.02.25"]
[SourceVersion "1"]
[SourceVersionDate "2013.02.25"]
[SourceQuality "1"]

1. d4 Nf6 2. c4 d6 3. Nf3 g6 4. Nc3 Bg7 5. e3 0-0 6. Bd3 Nbd7 7. b3 e5 8. 0-0 Re8 9. Qc2 Qe7 10. Nd2 Nh5 11. Bb2 c6 12. Rae1 f5 13. d5 Ndf6 14. f4 Bd7 15. c5 cxd5 16. cxd6 Qxd6 17. fxe5 Rxe5 18. Nb5 Bxb5 19. Bxb5 Re7 20. Bd4 Ng4 21. Nf3 Bxd4 22. exd4 Ne3 23. Rxe3 Rxe3 24. Qd2 Re7 25. Ne5 0-1

[Event "Santiago de Chile"]
[Site "Santiago de Chile"]
[Date "2007.10.04"]
[Round "9"]
[White "Arancibia Guzman, Eduardo"]
[Black "Casafus, Ruben Andres"]
[Result "1/2-1/2"]
[WhiteElo "2413"]
[BlackElo "2337"]
[PlyCount "110"]
[EventDate "2007.09.26"]
[EventType "tourn"]
[EventRounds "11"]
[EventCountry "CHI"]
[EventCategory "5"]
[SourceTitle "CBM 120 Extra"]
[Source "ChessBase"]
[SourceDate "2007.11.01"]
[SourceVersion "1"]
[SourceVersionDate "2007.11.01"]
[SourceQuality "1"]

1. e4 e5 2. Nc3 Nf6 3. Bc4 Bc5 4. d3 d6 5. Bg5 h6 6. Bh4 c6 7. Nf3 Qe7 8. Bb3 Bb6 9. Nd2 Nbd7 10. Nc4 Bc7 11. a4 Nc5 12. Ba2 Ne6 13. Ne3 Nf4 14. Qd2 Be6 15. Bg3 Bxa2 16. Rxa2 g6 17. a5 0-0 18. 0-0 Qe6 19. Ra4 d5 20. exd5 cxd5 21. d4 e4 22. Bxf4 Bxf4 23. Qe2 a6 24. Ra3 Bc7 25. Na4 Qd6 26. g3 Bxa5 27. Nc5 Bb4 28. Nxb7 Qb6 29. Rb3 Qxb7 30. c3 a5 31. Nc2 Qd7 32. cxb4 axb4 33. Rxb4 Rfb8 34. Rxb8+ Rxb8 35. Ne3 Qa4 36. Rd1 Rb4 37. Qd2 Qb5 38. Rb1 Qb6 39. Qc3 Rxd4 40. b4 Rd3 41. Qc8+ Kg7 42. b5 Rxe3 43. fxe3 Qxe3+ 44. Kg2 Qe2+ 45. Kg1 Qe3+ 46. Kg2 Qd2+ 47. Kh1 Qd3 48. Qc1 Qf3+ 49. Kg1 e3 50. Qb2 e2 51. Qd4 Kh7 52. Qf2 Qd3 53. Re1 Ne4 54. Qxf7+ Kh8 55. Kg2 Qd2 1/2-1/2

[Event "Santiago de Chile"]
[Site "Santiago de Chile"]
[Date "2007.09.28"]
[Round "3"]
[White "Casafus, Ruben Andres"]
[Black "Llorens Sepulveda, Marcelo"]
[Result "0-1"]
[WhiteElo "2337"]
[BlackElo "2292"]
[PlyCount "88"]
[EventDate "2007.09.26"]
[EventType "tourn"]
[EventRounds "11"]
[EventCountry "CHI"]
[EventCategory "5"]
[SourceTitle "CBM 120 Extra"]
[Source "ChessBase"]
[SourceDate "2007.11.01"]
[SourceVersion "1"]
[SourceVersionDate "2007.11.01"]
[SourceQuality "1"]

1. d4 Nf6 2. Nf3 c5 3. d5 g6 4. c4 b5 5. cxb5 a6 6. e3 axb5 7. Bxb5 Qa5+ 8. Nc3 Ne4 9. Qd3 Nd6 10. Bd2 Qb6 11. Ne5 Bg7 12. Nc4 Nxc4 13. Qxc4 Na6 14. Na4 Qc7 15. Bc3 0-0 16. Bxg7 Kxg7 17. Qc3+ f6 18. 0-0 d6 19. Rfc1 Qb8 20. Qc4 Nc7 21. Bc6 Bb7 22. Bxb7 Qxb7 23. Rd1 Rfb8 24. b3 Qc8 25. Qe4 Qd7 26. Rac1 Nb5 27. Rd2 Na3 28. Nb2 Rb4 29. Nc4 Nxc4 30. Rxc4 Rxb3 31. h3 Rba3 32. Qb1 R3a4 33. Rxa4 Qxa4 34. Rb2 Kf7 35. Kh2 Qc4 36. e4 Ra4 37. f3 f5 38. Rb8 Rxa2 39. exf5 Qf4+ 40. Kh1 Qd2 41. fxg6+ hxg6 42. Qf1 Qf2 43. Qxf2 Rxf2 44. Rh8 Rd2 0-1

[Event "Santiago de Chile"]
[Site "Santiago de Chile"]
[Date "2007.09.26"]
[Round "1"]
[White "Casafus, Ruben Andres"]
[Black "Diaz Villagran, Robert"]
[Result "1-0"]
[WhiteElo "2337"]
[BlackElo "2347"]
[PlyCount "71"]
[EventDate "2007.09.26"]
[EventType "tourn"]
[EventRounds "11"]
[EventCountry "CHI"]
[EventCategory "5"]
[SourceTitle "CBM 120 Extra"]
[Source "ChessBase"]
[SourceDate "2007.11.01"]
[SourceVersion "1"]
[SourceVersionDate "2007.11.01"]
[SourceQuality "1"]

1. Nf3 Nf6 2. c4 d6 3. d4 Nbd7 4. Nc3 e5 5. e4 g6 6. g3 Bg7 7. Bg2 0-0 8. 0-0 Re8 9. d5 Nc5 10. Ne1 a5 11. b3 Nfd7 12. Rb1 f5 13. f3 Nf6 14. a3 fxe4 15. fxe4 Ng4 16. b4 Na6 17. Nd3 Bh6 18. Bxh6 Nxh6 19. Qd2 Nf7 20. c5 Bd7 21. c6 bxc6 22. dxc6 Be6 23. Nd5 Bxd5 24. exd5 axb4 25. axb4 Rb8 26. Nf2 Kg7 27. Ne4 Rf8 28. Bh3 Qe7 29. Be6 Nh6 30. Rxf8 Rxf8 31. Ra1 Nb8 32. b5 Rf3 33. Ra7 Rb3 34. Qf2 Rb1+ 35. Kg2 Rxb5 36. Rxc7 1-0

[Event "Najdorf Memorial op"]
[Site "Buenos Aires"]
[Date "1999.??.??"]
[Round "8"]
[White "Caro, Esteban"]
[Black "Casafus, Ruben Andres"]
[Result "1/2-1/2"]
[WhiteElo "2280"]
[BlackElo "2364"]
[PlyCount "24"]
[EventDate "1999.09.21"]
[EventType "swiss"]
[EventRounds "9"]
[EventCountry "ARG"]
[SourceTitle "EXT 2001"]
[Source "ChessBase"]
[SourceDate "2000.11.22"]
[SourceVersion "1"]
[SourceVersionDate "2000.11.22"]
[SourceQuality "1"]

1. e4 g6 2. d4 Bg7 3. f4 d5 4. e5 h5 5. Nf3 Bg4 6. c4 c6 7. Nc3 e6 8. Be3 Bxf3 9. Qxf3 Ne7 10. cxd5 cxd5 11. Bd3 Nbc6 12. 0-0 a6 1/2-1/2

[Event "Najdorf Memorial op"]
[Site "Buenos Aires"]
[Date "1999.??.??"]
[Round "6"]
[White "Fernandez Murga, Roberto"]
[Black "Casafus, Ruben Andres"]
[Result "1-0"]
[WhiteElo "2241"]
[BlackElo "2364"]
[PlyCount "55"]
[EventDate "1999.09.21"]
[EventType "swiss"]
[EventRounds "9"]
[EventCountry "ARG"]
[SourceTitle "EXT 2001"]
[Source "ChessBase"]
[SourceDate "2000.11.22"]
[SourceVersion "1"]
[SourceVersionDate "2000.11.22"]
[SourceQuality "1"]

1. Nf3 Nf6 2. c4 g6 3. g3 Bg7 4. Bg2 0-0 5. 0-0 d6 6. d4 Nc6 7. Nc3 a6 8. d5 Na5 9. Nd2 c5 10. Qc2 Rb8 11. b3 b5 12. Bb2 Bh6 13. f4 bxc4 14. bxc4 e5 15. dxe6 Bxe6 16. Nd5 Bxd5 17. cxd5 Bg7 18. Bc3 Qc7 19. e4 c4 20. h3 Qc5+ 21. Kh2 Rb5 22. Rae1 Rfb8 23. Re2 Rc8 24. Nf3 Nd7 25. e5 Nb7 26. e6 Nf6 27. exf7+ Kxf7 28. Ng5+ 1-0

[Event "Najdorf Memorial op"]
[Site "Buenos Aires"]
[Date "1999.??.??"]
[Round "5"]
[White "Gastiaburo, Hernan"]
[Black "Casafus, Ruben Andres"]
[Result "1-0"]
[WhiteElo "2212"]
[BlackElo "2364"]
[PlyCount "77"]
[EventDate "1999.09.21"]
[EventType "swiss"]
[EventRounds "9"]
[EventCountry "ARG"]
[SourceTitle "EXT 2001"]
[Source "ChessBase"]
[SourceDate "2000.11.22"]
[SourceVersion "1"]
[SourceVersionDate "2000.11.22"]
[SourceQuality "1"]

1. e4 e5 2. Nf3 Nf6 3. d4 Nxe4 4. Bd3 d5 5. Nxe5 Nd7 6. Nf3 Bd6 7. 0-0 0-0 8. c4 c6 9. Nc3 Nxc3 10. bxc3 dxc4 11. Bxc4 b5 12. Bd3 a6 13. a4 Bb7 14. Ng5 h6 15. Nh7 Re8 16. Qg4 Re6 17. f4 Nf6 18. Qf5 g6 19. Nxf6+ Rxf6 20. Qh3 Bf8 21. f5 g5 22. Qg4 Bg7 23. Ba3 Qd7 24. Rae1 Re8 25. Rxe8+ Qxe8 26. Kf2 c5 27. Bxc5 bxa4 28. Re1 Qc6 29. h4 a3 30. hxg5 hxg5 31. Qxg5 a2 32. Be7 Rxf5+ 33. Bxf5 Qxc3 34. Bf6 Qxe1+ 35. Kxe1 a1Q+ 36. Kd2 Qb2+ 37. Bc2 Qb4+ 38. Kd1 Qf8 39. Qf5 1-0

[Event "Buenos Aires TB Superior"]
[Site "Buenos Aires"]
[Date "1998.12.21"]
[Round "8"]
[White "Casafus, Ruben Andres"]
[Black "Diaz Hollemaert, Nahuel Carlos"]
[Result "1/2-1/2"]
[WhiteElo "2360"]
[BlackElo "2355"]
[PlyCount "38"]
[EventDate "1998.??.??"]
[EventType "tourn"]
[EventRounds "11"]
[EventCountry "ARG"]
[SourceTitle "EXT 2002"]
[Source "ChessBase"]
[SourceDate "2001.11.25"]
[SourceVersion "1"]
[SourceVersionDate "2001.11.25"]
[SourceQuality "1"]

1. d4 d5 2. c4 e6 3. Nc3 c6 4. cxd5 exd5 5. Bf4 Bd6 6. Bg3 f5 7. e3 Nf6 8. Nf3 Ne4 9. Bxd6 Qxd6 10. Ne5 Nd7 11. f4 Nxc3 12. bxc3 0-0 13. Bd3 Nxe5 14. fxe5 Qh6 15. Qd2 f4 16. exf4 Rxf4 17. g3 Rf3 18. Qxh6 gxh6 19. Ke2 Rf8 1/2-1/2

[Event "Buenos Aires TB Superior"]
[Site "Buenos Aires"]
[Date "1998.12.11"]
[Round "4"]
[White "Casafus, Ruben Andres"]
[Black "Campitelli, Guillermo"]
[Result "1-0"]
[WhiteElo "2360"]
[BlackElo "2205"]
[PlyCount "49"]
[EventDate "1998.??.??"]
[EventType "tourn"]
[EventRounds "11"]
[EventCountry "ARG"]
[SourceTitle "EXT 2002"]
[Source "ChessBase"]
[SourceDate "2001.11.25"]
[SourceVersion "1"]
[SourceVersionDate "2001.11.25"]
[SourceQuality "1"]

1. d4 b6 2. e4 Bb7 3. Nc3 e6 4. Nf3 Nf6 5. Bd3 c5 6. d5 exd5 7. exd5 d6 8. 0-0 Be7 9. Re1 0-0 10. Bg5 Nxd5 11. Bxe7 Nxe7 12. Bxh7+ Kh8 13. Be4 d5 14. Ng5 g6 15. Qg4 Kg7 16. Qh4 Nd7 17. Bxd5 Bxd5 18. Rxe7 Rh8 19. Qf4 Qxe7 20. Nxd5 Qf8 21. Nc7 Qe7 22. Nxa8 Rxa8 23. h4 Nf6 24. Nf3 Rd8 25. Re1 1-0

[Event "Buenos Aires TB Superior"]
[Site "Buenos Aires"]
[Date "1998.12.07"]
[Round "1"]
[White "Casafus, Ruben Andres"]
[Black "Bosco, Ricardo"]
[Result "1/2-1/2"]
[WhiteElo "2360"]
[BlackElo "2220"]
[PlyCount "48"]
[EventDate "1998.??.??"]
[EventType "tourn"]
[EventRounds "11"]
[EventCountry "ARG"]
[SourceTitle "EXT 2002"]
[Source "ChessBase"]
[SourceDate "2001.11.25"]
[SourceVersion "1"]
[SourceVersionDate "2001.11.25"]
[SourceQuality "1"]

1. d4 Nf6 2. c4 e6 3. Nf3 d5 4. Nc3 Be7 5. Bg5 h6 6. Bh4 0-0 7. e3 Ne4 8. Bxe7 Qxe7 9. Rc1 c6 10. Bd3 Nxc3 11. Rxc3 Nd7 12. 0-0 dxc4 13. Bxc4 b6 14. Bd3 Bb7 15. Be4 Rac8 16. Qa4 a6 17. Rfc1 b5 18. Qc2 Nb6 19. Bxc6 Bxc6 20. Rxc6 Rxc6 21. Qxc6 Rc8 22. Qxc8+ Nxc8 23. Rxc8+ Kh7 24. Rc5 f6 1/2-1/2

[Event "ARG-ch sf"]
[Site "Buenos Aires"]
[Date "1997.??.??"]
[Round "?"]
[White "Fernandez, Jorge Luis"]
[Black "Casafus, Ruben Andres"]
[Result "1/2-1/2"]
[WhiteElo "2240"]
[BlackElo "2365"]
[PlyCount "70"]
[EventDate "1997.06.13"]
[EventType "swiss"]
[EventRounds "11"]
[EventCountry "ARG"]
[SourceTitle "EXT 2001"]
[Source "ChessBase"]
[SourceDate "2000.11.22"]
[SourceVersion "1"]
[SourceVersionDate "2000.11.22"]
[SourceQuality "1"]

1. d4 Nf6 2. c4 g6 3. Nc3 Bg7 4. e4 d6 5. Nf3 0-0 6. Be3 Bg4 7. Be2 Nfd7 8. Nd2 Bxe2 9. Qxe2 Nc6 10. Nb3 e5 11. d5 Nd4 12. Qd2 Nxb3 13. axb3 f5 14. f3 a6 15. b4 Qh4+ 16. Qf2 Qh5 17. c5 Nf6 18. h3 Bh6 19. exf5 gxf5 20. 0-0-0 Bxe3+ 21. Qxe3 f4 22. Qf2 Qf7 23. Ne4 Nxe4 24. fxe4 Kh8 25. Rd2 Rg8 26. Rc2 Rg3 27. cxd6 cxd6 28. Qb6 Qg6 29. Re1 Rg8 30. Kb1 Rxg2 31. Rxg2 Qxg2 32. Qxd6 Qg7 33. Qe6 f3 34. d6 f2 35. Rf1 Qg1 1/2-1/2

[Event "Buenos Aires op"]
[Site "Buenos Aires"]
[Date "1995.??.??"]
[Round "9"]
[White "Bulcourf, Carlos"]
[Black "Casafus, Ruben Andres"]
[Result "1-0"]
[WhiteElo "2185"]
[BlackElo "2420"]
[PlyCount "47"]
[EventDate "1995.??.??"]
[EventType "swiss"]
[EventRounds "9"]
[EventCountry "ARG"]
[SourceTitle "EXT 1997"]
[Source "ChessBase"]
[SourceDate "1996.11.15"]
[SourceVersion "1"]
[SourceVersionDate "1996.11.15"]
[SourceQuality "1"]

1. b4 Nf6 2. Bb2 g6 3. Bxf6 exf6 4. a3 f5 5. g3 Bg7 6. d4 0-0 7. e3 Re8 8. Ne2 a5 9. b5 c5 10. Bg2 d6 11. 0-0 Nd7 12. Nbc3 cxd4 13. exd4 Nb6 14. Nd5 Be6 15. Nef4 g5 16. Nxe6 fxe6 17. Nxb6 Qxb6 18. c3 Rac8 19. Qh5 h6 20. Qg6 Re7 21. Rae1 Rxc3 22. Bd5 Rcc7 23. Rxe6 Kh8 24. Rxd6 1-0

[Event "IECG CM.1995.0.00004"]
[Site "IECG email"]
[Date "1995.??.??"]
[Round "?"]
[White "Casafus, Ruben Andres"]
[Black "Cimmino, Pietro"]
[Result "1/2-1/2"]
[WhiteElo "2527"]
[BlackElo "2440"]
[PlyCount "117"]
[EventDate "1995.11.09"]
[EventType "tourn (corr)"]
[EventRounds "6"]
[SourceTitle "Corr 2008"]
[Source "ChessBase"]
[SourceDate "2008.06.24"]
[SourceVersion "1"]
[SourceVersionDate "2008.06.24"]
[SourceQuality "1"]

1. d4 Nf6 2. c4 e6 3. Nc3 d5 4. Bg5 Be7 5. e3 0-0 6. Nf3 Nbd7 7. Rc1 h6 8. Bh4 c6 9. Qc2 Re8 10. Bd3 dxc4 11. Bxc4 b5 12. Bd3 a6 13. a4 Qa5 14. 0-0 Bb7 15. Ra1 b4 16. Ne4 Nxe4 17. Bxe4 Bxh4 18. Nxh4 Rab8 19. f4 c5 20. Bxb7 Rxb7 21. f5 e5 22. f6 exd4 23. fxg7 Ne5 24. exd4 cxd4 25. Qd2 d3 26. Kh1 Rb6 27. Rae1 Qd5 28. Nf5 a5 29. Rf3 Rbe6 30. Nxh6+ Kxg7 31. Nf5+ Kg8 32. Nh6+ Kf8 33. Rff1 Rg6 34. Rf5 f6 35. h3 Qc6 36. Ng4 Nxg4 37. Rxe8+ Kxe8 38. hxg4 Rxg4 39. Rf3 Rh4+ 40. Kg1 Qc5+ 41. Qe3+ Qxe3+ 42. Rxe3+ Kd7 43. Rxd3+ Ke6 44. Re3+ Kd5 45. Rf3 Ke5 46. Re3+ Re4 47. Kf2 Rxe3 48. Kxe3 f5 49. g3 b3 50. Kd3 Kd5 51. Kc3 Ke4 52. Kxb3 Kf3 53. Kc2 Kxg3 54. b4 axb4 55. a5 f4 56. a6 f3 57. a7 f2 58. a8Q f1Q 59. Qg8+ 1/2-1/2

[Event "IECG CM.1995.0.00004"]
[Site "IECG email"]
[Date "1995.??.??"]
[Round "?"]
[White "Casafus, Ruben Andres"]
[Black "Dennis, Yancy D"]
[Result "1-0"]
[WhiteElo "2527"]
[BlackElo "2273"]
[PlyCount "77"]
[EventDate "1995.11.09"]
[EventType "tourn (corr)"]
[EventRounds "6"]
[SourceTitle "Corr 2008"]
[Source "ChessBase"]
[SourceDate "2008.06.24"]
[SourceVersion "1"]
[SourceVersionDate "2008.06.24"]
[SourceQuality "1"]

1. d4 Nf6 2. c4 g6 3. Nc3 Bg7 4. e4 d6 5. Nf3 0-0 6. Be2 e5 7. 0-0 Nc6 8. d5 Ne7 9. Nd2 a5 10. a3 Nd7 11. Rb1 f5 12. b4 Kh8 13. f3 Ng8 14. Qc2 Ngf6 15. Bd3 f4 16. Be2 Rg8 17. Na4 axb4 18. axb4 c6 19. dxc6 bxc6 20. Rd1 Rb8 21. Ba3 Ra8 22. Ra1 Qc7 23. c5 d5 24. exd5 Nxd5 25. Nc4 Ba6 26. Nd6 Rgf8 27. Bxa6 Rxa6 28. b5 cxb5 29. Rxd5 Qc6 30. Rad1 bxa4 31. Nc4 Nf6 32. Rd6 Qb7 33. Rb6 Rxb6 34. cxb6 Ra8 35. Qb1 Bf8 36. Bxf8 Rxf8 37. Qb4 Kg7 38. Qb5 e4 39. Nd6 1-0

[Event "Buenos Aires op"]
[Site "Buenos Aires"]
[Date "1995.??.??"]
[Round "7"]
[White "Casafus, Ruben Andres"]
[Black "Godoy, Carlos"]
[Result "1-0"]
[WhiteElo "2420"]
[BlackElo "2215"]
[PlyCount "99"]
[EventDate "1995.??.??"]
[EventType "swiss"]
[EventRounds "9"]
[EventCountry "ARG"]
[SourceTitle "EXT 1997"]
[Source "ChessBase"]
[SourceDate "1996.11.15"]
[SourceVersion "1"]
[SourceVersionDate "1996.11.15"]
[SourceQuality "1"]

1. d4 d6 2. e4 g6 3. Nc3 Bg7 4. f4 Nf6 5. Nf3 0-0 6. Be2 c5 7. dxc5 Qa5 8. 0-0 Qxc5+ 9. Kh1 Nc6 10. Bd3 Bg4 11. Qe1 Bxf3 12. Rxf3 Nb4 13. Be3 Nxd3 14. cxd3 Qb4 15. Rb1 a5 16. e5 Ng4 17. Bd2 Qc5 18. Qh4 h5 19. h3 Nh6 20. Qxe7 Nf5 21. Qxb7 dxe5 22. Ne4 Qc8 23. Qxc8 Rfxc8 24. Bc3 exf4 25. Rxf4 Bxc3 26. bxc3 h4 27. Kg1 Rab8 28. Rff1 a4 29. Kf2 a3 30. Ke2 Kg7 31. Kd2 Re8 32. Rb4 Rxb4 33. cxb4 Rb8 34. Rb1 Nd4 35. Nd6 Rd8 36. Nc4 Re8 37. Nxa3 Ra8 38. Kc3 Ne2+ 39. Kb3 Nf4 40. Rb2 Nxd3 41. Rd2 Nf4 42. Nc4 g5 43. a4 f5 44. a5 g4 45. b5 gxh3 46. gxh3 Nxh3 47. b6 f4 48. b7 Rb8 49. a6 f3 50. Rd7+ 1-0

[Event "Buenos Aires op"]
[Site "Buenos Aires"]
[Date "1995.??.??"]
[Round "2"]
[White "Casafus, Ruben Andres"]
[Black "Moccero, Eduardo"]
[Result "1-0"]
[WhiteElo "2420"]
[BlackElo "2160"]
[PlyCount "111"]
[EventDate "1995.??.??"]
[EventType "swiss"]
[EventRounds "9"]
[EventCountry "ARG"]
[SourceTitle "EXT 1997"]
[Source "ChessBase"]
[SourceDate "1996.11.15"]
[SourceVersion "1"]
[SourceVersionDate "1996.11.15"]
[SourceQuality "1"]

1. d4 d5 2. c4 e6 3. Nc3 c5 4. cxd5 exd5 5. Nf3 Nc6 6. g3 Nf6 7. Bg2 Be7 8. 0-0 0-0 9. b3 Bg4 10. Bb2 Re8 11. dxc5 Bxc5 12. Na4 Bb4 13. a3 Bf8 14. b4 Rc8 15. h3 Bf5 16. Rc1 Ne4 17. Nc3 Nxc3 18. Bxc3 Qd7 19. Kh2 Be4 20. b5 Ne7 21. Qb3 Ng6 22. Bd4 b6 23. Qb2 f6 24. Rfd1 Bd6 25. Qb3 Kh8 26. Be3 Qe7 27. Nd4 Bxg2 28. Kxg2 Qe4+ 29. Nf3 Rxc1 30. Bxc1 Bc5 31. Rd2 h6 32. e3 Re5 33. Qd3 Rf5 34. Qxe4 dxe4 35. Rd8+ Kh7 36. Nh4 Nxh4+ 37. gxh4 Kg6 38. Rd7 Bf8 39. a4 Bb4 40. Bd2 a5 41. Bxb4 axb4 42. Rd4 Re5 43. Rxb4 Kh5 44. Kg3 g5 45. hxg5 Kxg5 46. Rc4 Re8 47. f3 exf3 48. Kxf3 f5 49. Ke2 h5 50. h4+ Kf6 51. Rc6+ Kg7 52. Rxb6 f4 53. a5 Rxe3+ 54. Kf2 Ra3 55. a6 Kf8 56. Rb7 1-0

[Event "Trelew Clarin-GP"]
[Site "Trelew"]
[Date "1995.??.??"]
[Round "5"]
[White "Casafus, Ruben Andres"]
[Black "Tempone, Marcelo"]
[Result "0-1"]
[WhiteElo "2390"]
[BlackElo "2435"]
[PlyCount "116"]
[EventDate "1995.??.??"]
[EventType "swiss"]
[EventRounds "9"]
[EventCountry "ARG"]
[SourceTitle "EXT 1997"]
[Source "ChessBase"]
[SourceDate "1996.11.15"]
[SourceVersion "1"]
[SourceVersionDate "1996.11.15"]
[SourceQuality "1"]

1. Nf3 c5 2. c4 g6 3. d4 cxd4 4. Nxd4 Bg7 5. e4 Nc6 6. Be3 Nf6 7. Nc3 d6 8. Be2 0-0 9. 0-0 Bd7 10. Qd2 Nxd4 11. Bxd4 Bc6 12. f3 a5 13. b3 Nd7 14. Be3 Nc5 15. Rab1 Qb6 16. Nb5 Rfc8 17. Kh1 Qd8 18. Rfd1 Qf8 19. Nc3 Be5 20. Rdc1 h5 21. Nd5 Bxd5 22. exd5 Qg7 23. f4 Bf6 24. Bf3 Kh7 25. Rc2 Rc7 26. a3 a4 27. b4 Nb3 28. Qd3 Bd4 29. c5 dxc5 30. Bxd4 Qxd4 31. Qxd4 Nxd4 32. Rxc5 Rd7 33. Rd1 b6 34. Rc4 Nxf3 35. gxf3 Rad8 36. Rcd4 b5 37. Kg2 Kg7 38. Kf2 Rd6 39. Ke3 Kf6 40. Ke4 e6 41. h4 Rc8 42. R1d3 Rc1 43. Ke3 Rh1 44. dxe6 Rxe6+ 45. Kf2 Rh2+ 46. Kf1 Rxh4 47. Rd5 Rh1+ 48. Kg2 Ree1 49. Rxb5 h4 50. Rd2 Reg1+ 51. Kf2 Ra1 52. Kg2 h3+ 53. Kg3 Rxa3 54. Rb6+ Kg7 55. Rb7 Rf1 56. Kxh3 Rfxf3+ 57. Kg2 Rxf4 58. b5 Rb3 0-1

[Event "Trelew Clarin-GP"]
[Site "Trelew"]
[Date "1995.??.??"]
[Round "4"]
[White "Laplaza, Jorge FN"]
[Black "Casafus, Ruben Andres"]
[Result "0-1"]
[WhiteElo "2210"]
[BlackElo "2390"]
[PlyCount "80"]
[EventDate "1995.??.??"]
[EventType "swiss"]
[EventRounds "9"]
[EventCountry "ARG"]
[SourceTitle "EXT 1997"]
[Source "ChessBase"]
[SourceDate "1996.11.15"]
[SourceVersion "1"]
[SourceVersionDate "1996.11.15"]
[SourceQuality "1"]

1. Nf3 Nf6 2. g3 g6 3. Bg2 Bg7 4. 0-0 0-0 5. d4 d6 6. c4 c6 7. Nc3 Nbd7 8. h3 e5 9. e4 exd4 10. Nxd4 Re8 11. Re1 Qb6 12. Nb3 Qb4 13. Bf1 a5 14. Bf4 Ne5 15. a3 Qb6 16. Na4 Qc7 17. Nd4 Nh5 18. Be3 Nf6 19. Nc3 a4 20. f4 Ned7 21. Bf2 Qa5 22. Qc2 Nc5 23. Rad1 Nfd7 24. Kh2 Nb6 25. g4 h6 26. Nf3 Be6 27. Rxd6 Bxc4 28. e5 Bxf1 29. Rxf1 Nc4 30. Rdd1 Ne6 31. Ne4 Qb5 32. Nd4 Nxd4 33. Bxd4 Rad8 34. Rf2 g5 35. Nf6+ Bxf6 36. exf6 c5 37. Bc3 Ne3 38. Rxd8 Nxc2 39. Rxe8+ Qxe8 40. Rxc2 Qe4 0-1

[Event "Buenos Aires VII Najdorf op"]
[Site "Buenos Aires"]
[Date "1995.??.??"]
[Round "4"]
[White "Servat, Roberto"]
[Black "Casafus, Ruben Andres"]
[Result "1-0"]
[WhiteElo "2450"]
[BlackElo "2420"]
[PlyCount "91"]
[EventDate "1995.??.??"]
[EventType "swiss"]
[EventRounds "9"]
[EventCountry "ARG"]
[SourceTitle "EXT 1997"]
[Source "ChessBase"]
[SourceDate "1996.11.15"]
[SourceVersion "1"]
[SourceVersionDate "1996.11.15"]
[SourceQuality "1"]

1. d4 f5 2. g3 Nf6 3. Bg2 g6 4. Nf3 Bg7 5. 0-0 0-0 6. c4 d6 7. Nc3 Nc6 8. d5 Na5 9. Qa4 c5 10. dxc6 Nxc6 11. Rd1 Qa5 12. Qb3 Kh8 13. Bd2 Qb4 14. Qxb4 Nxb4 15. Nd4 Na6 16. Nb3 Nd7 17. Rac1 Rb8 18. Be3 b6 19. Nd4 Bb7 20. Ne6 Rfc8 21. Nxg7 Kxg7 22. Nd5 Kf7 23. Bg5 Re8 24. b4 Ba8 25. Rd3 e6 26. Ra3 Bb7 27. Nc3 Nxb4 28. Nb5 Bxg2 29. Nxd6+ Kf8 30. Nxe8 Kxe8 31. Kxg2 Rb7 32. Rb3 Nxa2 33. Rc2 Nc5 34. Rbb2 Ne4 35. Bf4 Nac3 36. f3 Na4 37. fxe4 Nxb2 38. Rxb2 fxe4 39. c5 Kd7 40. cxb6 axb6 41. Kf2 Kc6 42. Ke3 Kd5 43. Rd2+ Kc4 44. Kxe4 b5 45. Bd6 b4 46. Bxb4 1-0

[Event "Buenos Aires op"]
[Site "Buenos Aires"]
[Date "1995.??.??"]
[Round "5"]
[White "Spangenberg, Hugo"]
[Black "Casafus, Ruben Andres"]
[Result "1/2-1/2"]
[WhiteElo "2500"]
[BlackElo "2420"]
[PlyCount "83"]
[EventDate "1995.??.??"]
[EventType "swiss"]
[EventRounds "9"]
[EventCountry "ARG"]
[SourceTitle "EXT 1997"]
[Source "ChessBase"]
[SourceDate "1996.11.15"]
[SourceVersion "1"]
[SourceVersionDate "1996.11.15"]
[SourceQuality "1"]

1. Nf3 Nf6 2. g3 g6 3. b3 Bg7 4. Bb2 0-0 5. Bg2 d6 6. d4 e5 7. dxe5 Nfd7 8. 0-0 Nc6 9. Qc1 Ndxe5 10. Nxe5 Nxe5 11. h3 Re8 12. c4 Qe7 13. Nc3 c6 14. Qc2 Nd7 15. Rad1 Nf6 16. Rfe1 Be6 17. e4 Qc7 18. f4 Rad8 19. Qf2 a6 20. g4 h6 21. Kh1 Bc8 22. Rf1 Qa5 23. e5 Nh7 24. Ne4 dxe5 25. Rxd8 Rxd8 26. fxe5 Be6 27. Bc3 Qc7 28. Nd6 Qe7 29. Qa7 Rd7 30. Qb8+ Nf8 31. a4 Qh4 32. Ne4 Rd3 33. Bb4 Rxh3+ 34. Kg1 Rg3 35. Nf6+ Bxf6 36. Qxf8+ Kh7 37. exf6 Rxg2+ 38. Kxg2 Qxg4+ 39. Kf2 Qd4+ 40. Ke1 Qe3+ 41. Kd1 Qd3+ 42. Ke1 1/2-1/2

[Event "Lewkowitz mem-B corr9498"]
[Site "Argentina"]
[Date "1994.??.??"]
[Round "?"]
[White "Biava, Mario Silas"]
[Black "Casafus, Ruben Andres"]
[Result "1-0"]
[WhiteElo "2435"]
[BlackElo "2235"]
[PlyCount "31"]
[EventDate "1994.??.??"]
[EventType "tourn (corr)"]
[EventRounds "16"]
[EventCountry "ARG"]
[EventCategory "9"]
[SourceTitle "Corr 2000"]
[Source "ChessBase"]
[SourceDate "2000.04.19"]
[SourceVersion "1"]
[SourceVersionDate "2000.04.19"]
[SourceQuality "1"]

1. e4 e5 2. Nf3 Nf6 3. Nxe5 d6 4. Nf3 Nxe4 5. d4 d5 6. Bd3 Be7 7. 0-0 Nc6 8. Re1 Bg4 9. c3 f5 10. Nbd2 Qd6 11. Qa4 0-0 12. c4 Nxd2 13. Nxd2 dxc4 14. Qxc4+ Kh8 15. Nb3 Bf6 16. Re6 1-0